Online
Catalog

Africanos de Cuba / (Record no. 14262)

MARC details
000 -CABECERA
campo de control de longitud fija 00967cam a2200277 a 4500
001 - NÚMERO DE CONTROL
campo de control 000014678
003 - IDENTIFICADOR DEL NÚMERO DE CONTROL
campo de control OSt
005 - FECHA Y HORA DE LA ÚLTIMA TRANSACCIÓN
campo de control 20250617115200.0
008 - DATOS DE LONGITUD FIJA--INFORMACIÓN GENERAL
campo de control de longitud fija 040727s2002 pr ac b 001 0 spa
040 ## - FUENTE DE LA CATALOGACIÓN
Centro catalogador/agencia de origen DO-SdBNP
Lengua de catalogación spa
Centro/agencia transcriptor BNPHU
082 ## - NÚMERO DE LA CLASIFICACIÓN DECIMAL DEWEY
Número de clasificación 305.567
Número de documento/Ítem L864a
100 1# - ENTRADA PRINCIPAL--NOMBRE DE PERSONA
Nombre de persona López Valdés, Rafael L.,
Fechas asociadas al nombre 1941-
9 (RLIN) 33265
245 10 - MENCIÓN DE TÍTULO
Título Africanos de Cuba /
Mención de responsabilidad, etc. Rafael L. López Valdés ; prólogo Ricardo E. Alegría.
260 ## - PUBLICACIÓN, DISTRIBUCIÓN, ETC.
Lugar de publicación, distribución, etc. San Juan, Puerto Rico :
Nombre del editor, distribuidor, etc. Centro de Estudios Avanzados de Puerto Rico y el Caribe,
Fecha de publicación, distribución, etc. 2002.
300 ## - DESCRIPCIÓN FÍSICA
Extensión 324 p. :
Otras características físicas il., retrs. ;
Dimensiones 26 cm.
500 ## - NOTA GENERAL
Nota general Incluye índice
504 ## - NOTA DE BIBLIOGRAFÍA, ETC.
Nota de bibliografía, etc. Bibliografía : p. 295-310
590 ## - NOTA LOCAL (RLIN)
Nota local Inventariado, 2020/ YL
650 #0 - PUNTO DE ACCESO ADICIONAL DE MATERIA--TÉRMINO DE MATERIA
Término de materia o nombre geográfico como elemento de entrada Esclavitud
Subdivisión geográfica Cuba
9 (RLIN) 13499
650 #4 - PUNTO DE ACCESO ADICIONAL DE MATERIA--TÉRMINO DE MATERIA
Término de materia o nombre geográfico como elemento de entrada Etnología
Subdivisión geográfica África.
9 (RLIN) 33266
650 #0 - PUNTO DE ACCESO ADICIONAL DE MATERIA--TÉRMINO DE MATERIA
Término de materia o nombre geográfico como elemento de entrada Trata de esclavos
Subdivisión geográfica África
Subdivisión general Historia
9 (RLIN) 21366
650 #0 - PUNTO DE ACCESO ADICIONAL DE MATERIA--TÉRMINO DE MATERIA
Término de materia o nombre geográfico como elemento de entrada Trata de esclavos
Subdivisión geográfica Cuba
Subdivisión general Historia.
9 (RLIN) 21366
700 1# - PUNTO DE ACCESO ADICIONAL--NOMBRE DE PERSONA
Nombre de persona Alegría, Ricardo E.
Término indicativo de función/relación pról.
9 (RLIN) 16236
910 ## - DATOS DE OPCIÓN DEL USUARIO (OCLC)
Datos de opción del usuario En proceso
942 ## - ELEMENTOS DE PUNTO DE ACCESO ADICIONAL (KOHA)
Fuente del sistema de clasificación o colocación Dewey Decimal Classification
Tipo de ítem Koha Libros y folletos
Holdings
Estado de retiro Estado de pérdida Fuente del sistema de clasificación o colocación Restricciones de uso No para préstamo Código de colección Localización permanente Ubicación/localización actual Ubicación en estantería Fecha de adquisición Fuente de adquisición Número de inventario Total de préstamos Signatura topográfica completa Código de barras Fecha visto por última vez Precio válido a partir de Tipo de ítem Koha
    Dewey Decimal Classification   Excluido de préstamo Monografías: Libros y Folletos General General En catalogación 18.01.2010 Obsequio LF1   305.567 L864a 14678-10 25.06.2020 25.06.2020 No se presta

Powered by Koha